O sporných reklamáciách rozhoduje súd

Kto môže a nemôže vstupovať do reklamačného procesu. Právomoci Slovenskej obchodnej inšpekcie (SOI) v sporoch medzi predávajúcim a spotrebiteľom. Sankcie za nedodržanie formálnej stránky reklamačného procesu. Záručné lehoty na rôzne potravinárske a nepotravinárske výrobky. Výsledky vyšetrovaní inšpe...

Description complète

Enregistré dans:
Détails bibliographiques
Auteur principal: Augustín, Martin
Format: Chapitre de livre
Langue:slovaque
Sujets:
Tags: Ajouter un tag
Pas de tags, Soyez le premier à ajouter un tag!

MARC

LEADER 00000naa a2200000 4500
001 r035913
005 20230929113003.2
041 0 |a slo 
044 |a SK 
245 1 0 |a O sporných reklamáciách rozhoduje súd  |c Martin Augustín 
520 |a Kto môže a nemôže vstupovať do reklamačného procesu. Právomoci Slovenskej obchodnej inšpekcie (SOI) v sporoch medzi predávajúcim a spotrebiteľom. Sankcie za nedodržanie formálnej stránky reklamačného procesu. Záručné lehoty na rôzne potravinárske a nepotravinárske výrobky. Výsledky vyšetrovaní inšpektorov SOI v roku 1998. 
610 2 0 |a reklamácie 
610 2 0 |a združenia občianske 
610 2 0 |a sankcie 
610 2 0 |a záruka 
610 2 0 |a kontrola predaja 
610 2 0 |a sťažnosti 
610 2 0 |a spotrebitelia 
610 2 0 |a ochrana spotrebiteľa 
610 2 0 |a SOI Bratislava 
100 1 |a Augustín, Martin